000 01697nam a2200241Ii 4500
008 221202s xx 000 0 und d
100 1 _aRaleigh, Elizabeth,
_eauthor
245 0 _aSelling Transracial Adoption
246 _aFamilies, Markets, and the Color Line
264 _bTemple University Press
_c2018
300 _a1 online resource
336 _atext
_btxt
_2rdacontent
337 _acomputer
_bc
_2rdamedia
338 _aonline resource
_bcr
_2rdacarrier
520 _aChosen Children examines the role of the adoption marketplace in shaping how transracial adoptive families are sorted and matched, and analyzes what these practices suggest about race in the United States. In contrast to previous work on race and adoption markets that focus on the experiences of adoptive parents, Raleigh's project focuses on adoption workers--social workers, attorneys, and counselors. Taking a market approach that treats adoptive parents as consumers and children as commodities, Raleigh brings together interviews with adoption practitioners, participant observation at adoption information sessions, and adoption statistics in order to demonstrate how the downturn in supply of adoptable honorary white children (which she defines as Asian and hispanic children) led to the increased popularity of the transracial adoption of foreign-born and biracial black children.
653 _aAdoption
653 _aChild Protection
653 _aEthiopia
653 _aFoster Care
653 _aSociology
856 _uhttps://docs.google.com/spreadsheets/d/1yKIrdCPDAG_9c22mwoOIO2DOhtj65Wqa/edit?usp=sharing&ouid=106555315294820607512&rtpof=true&sd=true
_yList of Curated E-Books
942 _cE-BOOK
999 _c96496
_d96493